000 00539nam a22001931a 4500
001 2618
003 OSt
005 20260204211818.0
008 040313s1997||||sp ||||||b||||||||||spa||
050 _a372.21 D632p
082 _a372.21 D632p
245 _aDiseños y programas educativos: Pautas pedagógicas para la elaboración de software / Bengonagros
264 _aEspaña : Ariel
300 _a155 p.
500 _aIncluye indice
650 _a1.Programas Educativas 2.Educación
700 _aGross, BiegoñaÌ
942 _2ddc
_cBK
999 _c2618
_d2618